000 02600nam a22003857a 4500
001 B-262263-272
003 dpl
005 20080602112520.0
008 080602t xxu||||| |||| 00| 0 eng d
010 _aB-262263-272
020 _a19781405048880
_c399.00
037 _a43778 dt/ 22.4.2008
_bSuper Book Distributors/22.4.08/27/8.4.08/19.5.08/399.00/
040 _aDPL
_bEnglish
082 _aN
100 _aByng, Georgia
245 _aMolly Moon's micky minus and the mind machine /
_cby Georgia Byng
260 _aLondon
_bMacmillan Children's Books
_c2005
260 _aNew Delhi
_bSuper Book Distributors
270 _a20 New Wharf Road, London N1 9RR
_bLondon
270 _aF-1/16, Basement Ansari Road, Darya Ganj
_bNew Delhi
300 _a369p.
_b.
_c23 cm.(Hb)
942 _2ddc
_cCH
_hN
_mBYN
999 _c13566
_d13566